=LDR 00000nam 2200000 4500 =001 INLIS000000000810594 =005 20260616091746 =035 ##$$a 0010-0626000031 =007 ta =008 260616################g##########0#ara## =082 ##$$a 297.124 =084 ##$$a 297.124 ABD h =100 #$$a Abdurrahim ath-Thahthawi =245 1#$$a Hidayatul Bari ila Tartibi Shahih al-Bukhari =260 ##$:$b Dar ar-Rayyan li at-Turats =300 ##$$a 368 hlm. : $b ilustrasi ; $c 24 cm =600 #4$$a Hadis dan syarah